000 00339 a2200157 4500
001 72540
020 _a8508041748
040 _cAnchieta - Colégio São Paulo
100 _aSabino, Fernando
240 1 0 _aO bom ladrão
_lpor
245 1 0 _aO bom ladrão
300 _a93
362 0 _a2001
650 4 _aLiteratura juvenil
942 _cBK
999 _c72540
_d72540